Recruitment techniques : (Record no. 127490)

MARC details
000 -LEADER
fixed length control field 00701nam a22002297a 4500
005 - DATE AND TIME OF LATEST TRANSACTION
control field 20170124110026.0
010 ## - LIBRARY OF CONGRESS CONTROL NUMBER
LC control number 860637
020 ## - INTERNATIONAL STANDARD BOOK NUMBER
Terms of availability 00.00
International Standard Book Number 0722503717
035 ## - SYSTEM CONTROL NUMBER
System control number 860637
037 ## - SOURCE OF ACQUISITION
Source of stock number/acquisition Cen Lib/Ret
040 ## - CATALOGING SOURCE
Original cataloging agency DPL
Language of cataloging EN
082 ## - DEWEY DECIMAL CLASSIFICATION NUMBER
Classification number 658.311
Item number AGR
100 ## - MAIN ENTRY--PERSONAL NAME
Personal name Agrell, Tina
9 (RLIN) 20632
245 ## - TITLE STATEMENT
Title Recruitment techniques :
Statement of responsibility, etc by Tina Agrell
Remainder of title for modern managers /
260 ## - PUBLICATION, DISTRIBUTION, ETC. (IMPRINT)
Place of publication, distribution, etc Northamtonshire
Name of publisher, distributor, etc Thorsons Publishers
Date of publication, distribution, etc 1977
270 ## - ADDRESS
City Northamtonshire
300 ## - PHYSICAL DESCRIPTION
Extent 127p.
Dimensions 21cm(Hb)
500 ## - GENERAL NOTE
General note Includes index and bibliographical references
650 ## - SUBJECT ADDED ENTRY--TOPICAL TERM
Topical term or geographic name as entry element Employees
General subdivision Recruiting
9 (RLIN) 20633
650 ## - SUBJECT ADDED ENTRY--TOPICAL TERM
Topical term or geographic name as entry element Employment interviewing
9 (RLIN) 20634
942 ## - ADDED ENTRY ELEMENTS (KOHA)
Source of classification or shelving scheme Dewey Decimal Classification
Koha item type English Books
Classification part 658.311
Call number suffix AGR
Holdings
Withdrawn status Lost status Damaged status Not for loan Home library Current library Date acquired Source of acquisition Cost, normal purchase price Total Checkouts Full call number Barcode Date last seen Copy number Cost, replacement price Price effective from Koha item type Public note
Written off       Central Library Central Library 29/06/2015 Cen Lib/Ret 0.00   658.311 AGR 860637 29/06/2015 1 0.00 29/06/2015 English Books W/d List No. 6875/14; dtd 22/08/2020

© Delhi Public Library
Hit Counter
free hit counter